Úloha samosprávy v rozvoji cestovného ruchu (vybrané samosprávne kraje - komparatívna analýza) diplomová práca

Guardado en:
Detalles Bibliográficos
Autor principal: Bilinská, Tatiana
Autor Corporativo: Obchodná fakulta EU. Katedra služieb a cestovného ruchu - zrušené
Otros Autores: Šuterová, Viola, 1957-
Formato: Libro
Lenguaje:eslovaco
Publicado: Bratislava 2012
Etiquetas: Agregar Etiqueta
Sin Etiquetas, Sea el primero en etiquetar este registro!

MARC

LEADER 00000nbm a2200000 4500
001 0159064
005 20161109102226.8
041 0 |a slo 
044 |a SK 
245 1 0 |a Úloha samosprávy v rozvoji cestovného ruchu (vybrané samosprávne kraje - komparatívna analýza)  |b diplomová práca  |c Tatiana Bilinská ; školiteľ: Viola Šuterová 
264 1 |a Bratislava  |c 2012 
300 |a 71 s. 
100 1 |a Bilinská, Tatiana 
700 1 |a Šuterová, Viola, 1957- 
710 2 |a Obchodná fakulta EU. Katedra služieb a cestovného ruchu - zrušené